| 000 -LEADER |
| fixed length control field |
01577cam a22003734a 4500 |
| 001 - CONTROL NUMBER |
| control field |
12954801 |
| 003 - CONTROL NUMBER IDENTIFIER |
| control field |
NUST-PNEC |
| 005 - DATE AND TIME OF LATEST TRANSACTION |
| control field |
20170116180654.0 |
| 008 - FIXED-LENGTH DATA ELEMENTS--GENERAL INFORMATION |
| fixed length control field |
021002s2003 nyua b 001 0 eng |
| 010 ## - LIBRARY OF CONGRESS CONTROL NUMBER |
| LC control number |
2002038697 |
| 020 ## - INTERNATIONAL STANDARD BOOK NUMBER |
| International Standard Book Number |
007138622X (hc : alk. paper) |
| 040 ## - CATALOGING SOURCE |
| Original cataloging agency |
DLC |
| Transcribing agency |
DLC |
| Modifying agency |
DLC |
| 042 ## - AUTHENTICATION CODE |
| Authentication code |
pcc |
| 050 00 - LIBRARY OF CONGRESS CALL NUMBER |
| Classification number |
TK1010 |
| Item number |
.D84 2003 |
| 082 00 - DEWEY DECIMAL CLASSIFICATION NUMBER |
| Classification number |
621.3191 DUG |
| 100 ## - MAIN ENTRY--PERSONAL NAME |
| 9 (RLIN) |
129 |
| Personal name |
Dugan, Roger C. |
| 245 00 - TITLE STATEMENT |
| Title |
Electrical power systems quality / |
| Statement of responsibility, etc. |
Roger C. Dugan ... [et al.] |
| 250 ## - EDITION STATEMENT |
| Edition statement |
2nd ed. |
| 260 ## - PUBLICATION, DISTRIBUTION, ETC. |
| Place of publication, distribution, etc. |
New York : |
| Name of publisher, distributor, etc. |
McGraw-Hill, |
| Date of publication, distribution, etc. |
c2003. |
| 300 ## - PHYSICAL DESCRIPTION |
| Extent |
xv, 528 p. : |
| Other physical details |
ill. ; |
| Dimensions |
24 cm. |
| 500 ## - GENERAL NOTE |
| General note |
Rev. ed of: Electrical power systems quality / Roger C. Dugan, Mark F. McGranaghan, H. Wayne Beaty. c1996. |
| 504 ## - BIBLIOGRAPHY, ETC. NOTE |
| Bibliography, etc. note |
Includes bibliographical references and index. |
| 650 #0 - SUBJECT ADDED ENTRY--TOPICAL TERM |
| Topical term or geographic name entry element |
Electric power system stability. |
| General subdivision |
EE, EL |
| 650 #0 - SUBJECT ADDED ENTRY--TOPICAL TERM |
| Topical term or geographic name entry element |
Electric power systems |
| 650 #0 - SUBJECT ADDED ENTRY--TOPICAL TERM |
| Topical term or geographic name entry element |
Electric power-plants |
| General subdivision |
Quality control. |
| 700 1# - ADDED ENTRY--PERSONAL NAME |
| Personal name |
Dugan, Roger C. |
| 700 1# - ADDED ENTRY--PERSONAL NAME |
| Personal name |
Dugan, Roger C. |
| Title of a work |
Electrical power systems quality. |
| 856 42 - ELECTRONIC LOCATION AND ACCESS |
| Materials specified |
Contributor biographical information |
| Uniform Resource Identifier |
<a href="http://www.loc.gov/catdir/bios/mh041/2002038697.html">http://www.loc.gov/catdir/bios/mh041/2002038697.html</a> |
| 856 41 - ELECTRONIC LOCATION AND ACCESS |
| Materials specified |
Table of contents |
| Uniform Resource Identifier |
<a href="http://www.loc.gov/catdir/toc/mh031/2002038697.html">http://www.loc.gov/catdir/toc/mh031/2002038697.html</a> |
| 856 42 - ELECTRONIC LOCATION AND ACCESS |
| Materials specified |
Publisher description |
| Uniform Resource Identifier |
<a href="http://www.loc.gov/catdir/enhancements/fy0704/2002038697-d.html">http://www.loc.gov/catdir/enhancements/fy0704/2002038697-d.html</a> |
| 906 ## - LOCAL DATA ELEMENT F, LDF (RLIN) |
| a |
7 |
| b |
cbc |
| c |
orignew |
| d |
1 |
| e |
ocip |
| f |
20 |
| g |
y-gencatlg |
| 942 ## - ADDED ENTRY ELEMENTS (KOHA) |
| Source of classification or shelving scheme |
|
| Koha item type |
Book |